书目信息 |
| 题名: |
实用职业卫生学
|
|
| 作者: | 马骏 主编 | |
| 分册: | ||
| 出版信息: | 北京 煤炭工业出版社 2017.4 |
|
| 页数: | 545页 | |
| 开本: | 29cm | |
| 丛书名: | ||
| 单 册: | ||
| 中图分类: | R13 | |
| 科图分类: | ||
| 主题词: | 劳动卫生 | |
| 电子资源: | ||
| ISBN: | 978-7-5020-5766-4 | |
| 000 | 00898nam0 2200229 450 | |
| 001 | 0400004855 | |
| 005 | 20171025105521.0 | |
| 010 | @a978-7-5020-5766-4@dCNY128.00 | |
| 100 | @a20170802d2017 em y0chiy50 ea | |
| 101 | 0 | @achi |
| 102 | @aCN@b110000 | |
| 105 | @aa z 000yy | |
| 106 | @ar | |
| 200 | 1 | @a实用职业卫生学@9shi yong zhi ye wei sheng xue@f马骏主编 |
| 210 | @a北京@c煤炭工业出版社@d2017.4 | |
| 215 | @a545页@c图,照片@d29cm | |
| 330 | @a本书系统全面地介绍了职业卫生的理论和方法,根据国际最新研究进展,在国内首先提出了工作场所职业危害因素新的分类方法,即化学因素、物理因素、生物因素、工效学因素和心理因素。全书从工作场所职业有害因素的识别、检测、评价、预测和控制,到职业卫生管理和监督的组织机构、法规体系以及实施办法等,都有详细论述。 | |
| 606 | 0 | @a劳动卫生 |
| 690 | @aR13@v5 | |
| 701 | 0 | @a马骏@9ma jun@4主编 |
| 801 | 0 | @aCN@b91MARC@c20171025 |
| 905 | @b1039640-3@dR13@f4@e127 | |
| 实用职业卫生学/马骏主编.-北京:煤炭工业出版社,2017.4 |
| 545页:图,照片;29cm |
| ISBN 978-7-5020-5766-4:CNY128.00 |
| 本书系统全面地介绍了职业卫生的理论和方法,根据国际最新研究进展,在国内首先提出了工作场所职业危害因素新的分类方法,即化学因素、物理因素、生物因素、工效学因素和心理因素。全书从工作场所职业有害因素的识别、检测、评价、预测和控制,到职业卫生管理和监督的组织机构、法规体系以及实施办法等,都有详细论述。 |
| ● |
| 相关链接 |
|
|
|
|
正题名:实用职业卫生学
索取号:R13/127
 
预约/预借
| 序号 | 登录号 | 条形码 | 馆藏地/架位号 | 状态 | 备注 |
| 1 | 1039640 | 210396409 | 第二样本阅览室/ [索取号:R13/127] | 在馆 | |
| 2 | 1039641 | 210396418 | 密集书库-生命科学系/ [索取号:R13/127] | 在馆 | |
| 3 | 1039642 | 210396427 | 第三借阅区/ [索取号:R13/127] | 在馆 | |
| 4 | 1039643 | 210396436 | 第三借阅区/ [索取号:R13/127] | 在馆 |